Vida: la ciencia de la biología
Uloženo v:
| Hlavní autoři: | , , , , |
|---|---|
| Médium: | Kniha |
| Jazyk: | španělština |
| Vydáno: |
Buenos Aires
Médica Panamericana
2009
|
| Vydání: | 8a. ed |
| Témata: | |
| Tagy: |
Přidat tag
Žádné tagy, Buďte první, kdo vytvoří štítek k tomuto záznamu!
|
MARC
| LEADER | 00000cam a2200000 a 4500 | ||
|---|---|---|---|
| 001 | UCG9406 | ||
| 003 | CL-VaPUC | ||
| 008 | 120316e20090000AG |||||||||||||||||spa|d | ||
| 020 | |a 9789500682695 | ||
| 082 | 0 | 4 | |a 570 |b SAD |2 21 |
| 100 | 0 | |a Sadava, David |e author |9 560971 | |
| 700 | 0 | |a Heller, H. Craig |e author |9 560972 | |
| 700 | 0 | |a Orians, Gordon H |e author |9 560973 | |
| 700 | 0 | |a Purves, William H |e author |9 560974 | |
| 700 | 0 | |a Hillis, David M |e author |9 560975 | |
| 245 | 1 | 0 | |a Vida: la ciencia de la biología |
| 250 | |a 8a. ed | ||
| 300 | |a 1251 p | ||
| 942 | |c BK | ||
| 945 | |d 20120316 00:00:00 |a cmena | ||
| 260 | |a Buenos Aires |b Médica Panamericana |c 2009 | ||
| 650 | 0 | |a Ciencias de la vida |9 314137 | |
| 650 | 0 | |a Citología |9 261432 | |
| 650 | 0 | |a Herencia |9 256325 | |
| 650 | 0 | |a Genética |9 259443 | |
| 650 | 0 | |a Biología molecular |9 269677 | |
| 650 | 0 | |a Evolución |9 259442 | |
| 650 | 0 | |a Biología de las plantas |9 432723 | |
| 650 | 0 | |a Zoología |9 261613 | |
| 650 | 0 | |a Ecología |9 258124 | |
| 583 | |a last modification |c 20120320 01:10:36 |k Rodrigo Vera | ||
| 999 | |c 346961 |d 346959 | ||